| 000 | 01646nam a2200445 i 4500 | ||
|---|---|---|---|
| 001 | 74808 | ||
| 003 | 0 | ||
| 005 | 20241217151145.0 | ||
| 006 | m o u | ||
| 007 | cr cn||||||||| | ||
| 008 | 200620s2019 sp a ob 000 0 spa d | ||
| 020 |
_a9788436836806 _qe-book |
||
| 035 | _a(OCoLC)1161177071 | ||
| 040 |
_aFINmELB _bspa _erda _cFINmELB |
||
| 050 | 1 | 4 |
_aHD69.P75 _bZ19 2019 |
| 080 | _a658.012.2 | ||
| 082 | 0 | 4 |
_a658.404 _223 |
| 100 | 1 | _aZahera, Manuel. | |
| 245 | 1 | 0 |
_aGestión integrada de proyectos innovadores : _bcurso básico / _cManuel Zahera Pérez. |
| 264 | 1 |
_aMadrid : _bEdiciones Pirámide, _c2019. |
|
| 300 |
_a1 recurso en línea (226 páginas) : _bilustraciones |
||
| 336 |
_atexto _btxt _2rdacontent/spa |
||
| 337 |
_acomputadora _bc _2rdamedia/spa |
||
| 338 |
_arecurso en línea _bcr _2rdacarrier/spa |
||
| 490 | 1 | _aColección Empresa y gestión | |
| 504 | _aContiene bibliografía. | ||
| 588 | _aDescripción basada en metadatos suministrados por el editor y otras fuentes. | ||
| 590 | _aRecurso electrónico. Santa Fe, Arg.: elibro, 2019. Disponible vía World Wide Web. El acceso puede estar limitado para las bibliotecas afiliadas a elibro. | ||
| 650 | 0 | _aProject management. | |
| 650 | 4 | _aAdministración de proyectos. | |
| 655 | 4 | _aLibros electrónicos. | |
| 797 | 2 | _aelibro, Corp. | |
| 830 | 0 | _aColección Empresa y gestión. | |
| 856 | 4 | 0 | _uhttps://elibro.net/ereader/politecnicointernacional/123077 |
| 942 | _cLIBROS | ||
| 999 |
_c74808 _d74808 |
||